[Event "SG Schwäbisch Gmünd 1 - SV Stuttgart-Wolfbusch 1"]
[Site "Oberliga Württemberg 2017/2018"]
[Date "2018.01.21"]
[Round "6"]
[White "Reindl, Arno"]
[Black "Kalnins, Andris"]
[Result "1/2-1/2"]
[WhiteElo "2009"]
[BlackElo "2094"]
[Annotator ""]
[Source ""]
[Remark ""]

1.e4 g6 2.d4 Bg7 3.Nc3 d6 4.Be3 Nd7 5.Qd2 c6 6.f3 Qa5 7.Nce2
Qxd2+ 8.Kxd2 c5 9.Rd1 Ngf6 10.Kc1 O-O 11.Nh3 b6 12.Nf2 cxd4 13.Nxd4
Bb7 14.Be2 d5 15.Nb5 dxe4 16.Nxe4 Bc6 17.Nxf6+ Nxf6 18.Nd4 Bb7
19.c4 Rac8 20.b3 Nd5 21.Kd2 Nxe3 22.Kxe3 a6 23.Nc2 Bh6+ 24.Kf2
Rfd8 25.Rxd8+ Rxd8 26.Rd1 Rxd1 27.Bxd1 e5 28.Ne3 Kf8 29.Be2 Ke7
30.Nd5+ Bxd5 31.cxd5 b5 32.a4 bxa4 33.bxa4 a5 34.Bb5 Kd6 35.Bc6
Kc5 36.Ke2 Bg5 37.Kd3 f5 38.Bb7 1/2-1/2

[Event "SG Schwäbisch Gmünd 1 - SV Stuttgart-Wolfbusch 1"]
[Site "Oberliga Württemberg 2017/2018"]
[Date "2018.01.21"]
[Round "6"]
[White "Montigel, Philipp"]
[Black "Held, Paul"]
[Result "0-1"]
[WhiteElo "2008"]
[BlackElo "2128"]
[Annotator ""]
[Source ""]
[Remark ""]

1.b3 e5 2.Bb2 d6 3.g3 Nc6 4.Bg2 Be6 5.c4 Qd7 6.Nc3 g6 7.Nf3 Bh3
8.O-O Bxg2 9.Kxg2 Bg7 10.Nd5 Nge7 11.e4 f5 12.exf5 Nxf5 13.d4
O-O-O 14.dxe5 dxe5 15.Ng5 Ncd4 16.Ne4 h5 17.h4 c6 18.Ndc3 Rhf8
19.Ba3 Rfe8 20.c5 Kb8 21.b4 Rf8 22.Bc1 Bh6 23.Bxh6 Nxh6 24.a4
Rf3 25.Ne2 Nhf5 26.Nxd4 Nxd4 27.Nd6 Qe6 28.Qc1 Qd5 29.Qc4 Rxd6
30.Qxd5 Rxd5 31.Rad1 Rb3 0-1

[Event "SG Schwäbisch Gmünd 1 - SV Stuttgart-Wolfbusch 1"]
[Site "Oberliga Württemberg 2017/2018"]
[Date "2018.01.21"]
[Round "6"]
[White "Bader, Gerd"]
[Black "Severin, Andreas"]
[Result "1/2-1/2"]
[WhiteElo "2005"]
[BlackElo "2007"]
[Annotator ""]
[Source ""]
[Remark ""]

1.e4 g6 2.Nc3 Bg7 3.g3 e5 4.Bg2 c5 5.d3 Nc6 6.Be3 d6 7.Qd2 Be6
8.Nf3 h6 9.O-O Nd4 10.Nd5 Bxd5 11.exd5 Nf5 12.Qe2 Nxe3 13.fxe3
Ne7 14.e4 O-O 15.Nh4 Qd7 16.Rf2 h5 17.Qd2 Kh7 18.Raf1 Ng8 19.Nf3
Bh6 20.Qe2 Kg7 1/2-1/2

[Event "SV Stuttgart-Wolfbusch 1 - TG Biberach 1"]
[Site "Oberliga Württemberg 2017/2018"]
[Date "2018.02.18"]
[Round "7"]
[White "Sinz, Bernhard"]
[Black "Häcker, Alexander"]
[Result "1-0"]
[WhiteElo "2341"]
[BlackElo "2222"]
[Annotator ""]
[Source ""]
[Remark ""]

1.e4 e6 2.d4 d5 3.Nc3 dxe4 4.Nxe4 Bd7 5.Nf3 Bc6 6.Bd3 Nd7 7.Qe2
Ngf6 8.Nxf6+ Qxf6 9.Bg5 Bxf3 10.Qe3 Bxg2 11.Bxf6 Bxh1 12.Bh4
Bc6 13.O-O-O Nf6 14.c4 Be7 15.Rg1 Rg8 16.f4 Kf8 17.f5 exf5 18.Bxf5
b6 19.Bg3 Ne8 20.Re1 Bb4 21.Re2 g6 22.Be4 Bxe4 23.Qxe4 Rb8 24.c5
Kg7 25.a3 bxc5 26.axb4 cxb4 27.Be5+ Kf8 28.d5 Nd6 29.Qf4 Nf5
30.Bxc7 Rb5 31.Qc4 1-0

[Event "SV Stuttgart-Wolfbusch 1 - TG Biberach 1"]
[Site "Oberliga Württemberg 2017/2018"]
[Date "2018.02.18"]
[Round "7"]
[White "Ruf, Matthias"]
[Black "Fischer, André"]
[Result "1/2-1/2"]
[WhiteElo "2333"]
[BlackElo "2255"]
[Annotator ""]
[Source ""]
[Remark ""]

1.g3 c5 2.Bg2 d5 3.c4 d4 4.Nf3 Nc6 5.d3 e5 6.O-O Nf6 7.a3 Nd7
8.e3 a5 9.Re1 Be7 10.b3 O-O 11.Bb2 Ra6 12.Nbd2 f5 13.Qc2 Nf6
14.exd4 exd4 15.Re2 f4 16.Rae1 fxg3 17.fxg3 Ng4 18.Nf1 Bd6 19.Bc1
h6 20.h3 Nf6 21.g4 Qc7 22.Kh1 Ra8 23.Bd2 Bd7 24.Rb1 Rae8 25.Be1
Rxe2 26.Qxe2 Re8 27.Qd1 Bc8 28.Rb2 Qe7 29.Bf2 Qc7 30.Ng1 Bf4
31.Ne2 Bd6 32.b4 axb4 33.axb4 Nxb4 34.Be1 Nc6 35.Qb1 Kh8 36.Bf2
Qd7 1/2-1/2

[Event "SV Stuttgart-Wolfbusch 1 - TG Biberach 1"]
[Site "Oberliga Württemberg 2017/2018"]
[Date "2018.02.18"]
[Round "7"]
[White "Weiß, Oliver"]
[Black "Ludwig, Sebastian"]
[Result "1-0"]
[WhiteElo "2232"]
[BlackElo "2069"]
[Annotator ""]
[Source ""]
[Remark ""]

1.d4 e6 2.Nf3 Nf6 3.e3 d5 4.Bd3 c5 5.c3 Nc6 6.Nbd2 cxd4 7.exd4
Bd6 8.O-O h6 9.Qe2 O-O 10.Ne5 Bd7 11.f4 Re8 12.g4 g6 13.g5 hxg5
14.Nxf7 Kxf7 15.fxg5 Be7 16.Qg2 Rg8 17.gxf6 Bxf6 18.Nf3 Ke7 19.Bg5
Bxg5 20.Nxg5 Qe8 21.Rae1 Kd8 22.Qg3 Kc8 23.Nf7 Qe7 24.Nd6+ Kd8 1-0

[Event "SV Stuttgart-Wolfbusch 1 - TG Biberach 1"]
[Site "Oberliga Württemberg 2017/2018"]
[Date "2018.02.18"]
[Round "7"]
[White "Schapotschnikov, Philipp"]
[Black "Mack, Wolfgang"]
[Result "0-1"]
[WhiteElo "2149"]
[BlackElo "2162"]
[Annotator ""]
[Source ""]
[Remark ""]

1.e4 d5 2.exd5 Nf6 3.c4 e6 4.d4 exd5 5.Nc3 Nc6 6.Nf3 Bg4 7.Be3
Qd7 8.c5 O-O-O 9.Bb5 Qf5 10.Bxc6 bxc6 11.Qa4 Bxf3 12.Qxc6 Bxc5
13.Qxc5 Bxg2 14.Nb5 Ne8 15.Rg1 Bf3 16.Kd2 Qe6 17.Rac1 Qb6 18.Nxa7+
Kb7 19.Nc6 Ra8 20.Ne5 Be4 21.Qxb6+ cxb6 22.Nxf7 Rf8 23.Ng5 Rxa2
24.Nxe4 dxe4 {(=)} 25.Rc2 Rf7 26.Rg4 Nf6 27.Rg5 Rd7 28.Re5 Ra1
29.Rc4 Rb1 30.Rb4 Rh1 31.Bg5 Rxh2 32.Bxf6 Rxf2+ 33.Ke3 Rxf6 34.Kxe4
Rdf7 35.Kd5 Kc7 36.Re6 Rxe6 37.Kxe6 Rf6+ 38.Ke7 Kc6 39.Rb3 Kd5
40.Rh3 Rh6 41.Rg3 Rg6 42.Rh3 h6 43.Rh4 Rg5 44.Kf7 h5 45.Rf4 b5
46.b3 b4 47.Rh4 g6 0-1

[Event "SV Stuttgart-Wolfbusch 1 - TG Biberach 1"]
[Site "Oberliga Württemberg 2017/2018"]
[Date "2018.02.18"]
[Round "7"]
[White "Schulze, Andreas"]
[Black "Smolka, Alexander"]
[Result "1-0"]
[WhiteElo "2185"]
[BlackElo "2078"]
[Annotator ""]
[Source ""]
[Remark ""]

1.e4 e5 2.Nf3 Nc6 3.d4 exd4 4.Nxd4 Nf6 5.Nxc6 bxc6 6.e5 Qe7 7.Qe2
Nd5 8.g3 g6 9.c4 Ba6 10.b3 Bg7 11.Bb2 O-O 12.Bg2 Rae8 13.O-O
Bxe5 14.Bxe5 Qxe5 15.Qxe5 Rxe5 16.cxd5 Bxf1 17.Kxf1 cxd5 {(=)}
18.Nc3 c6 19.Rd1 Rfe8 20.Bf3 Kf8 21.Na4 Ke7 22.Nc5 Kd8 23.Nd3
R5e6 24.Rc1 Ke7 25.Rc5 Kd6 26.Ra5 Ra8 27.b4 Ree8 28.g4 h6 29.h4
g5 30.h5 Rf8 31.Kg2 Kc7 32.Kg3 f5 33.gxf5 Rxf5 34.Bg4 Rf7 35.Ra3
Re7 36.Nc5 d6 37.Ne6+ Kb6 38.Rb3 Rae8 39.Nd4 Re4 40.Nf5 R8e6
41.Ne3 Rf6 42.b5 Ra4 43.bxc6+ Kxc6 44.Rc3+ Kb7 45.Nxd5 Rf7 46.Be6
Rg7 47.Ne3 Re7 48.Bd5+ Kb6 49.Bb3 1-0

[Event "SV Stuttgart-Wolfbusch 1 - TG Biberach 1"]
[Site "Oberliga Württemberg 2017/2018"]
[Date "2018.02.18"]
[Round "7"]
[White "Behm, Simon"]
[Black "Sokratov, Stanislav"]
[Result "1-0"]
[WhiteElo "2134"]
[BlackElo "2168"]
[Annotator ""]
[Source ""]
[Remark ""]

1.d4 Nf6 2.c4 e6 3.Nf3 d5 4.Nc3 Nbd7 5.e3 Be7 6.Bd3 O-O 7.O-O
dxc4 8.Bxc4 c5 9.e4 cxd4 10.Nxd4 a6 11.Bg5 Ne5 12.Bb3 Qa5 13.Qe2
b5 14.Kh1 b4 15.Na4 Bd7 16.f4 Bxa4 17.Bxa4 Ng6 18.Bb3 Qb6 19.Nf3
Nd7 20.f5 Bxg5 21.Nxg5 exf5 22.Rxf5 Nde5 23.Raf1 Ra7 24.h4 h6
25.Nh3 Re8 26.h5 Nf8 27.Nf4 Nh7 28.Ng6 Nxg6 29.Rxf7 Kh8 30.hxg6
Nf6 31.R1xf6 1-0

[Event "SV Stuttgart-Wolfbusch 1 - TG Biberach 1"]
[Site "Oberliga Württemberg 2017/2018"]
[Date "2018.02.18"]
[Round "7"]
[White "Birkenmaier, Rainer"]
[Black "Kalnins, Andris"]
[Result "1-0"]
[WhiteElo "2046"]
[BlackElo "2094"]
[Annotator ""]
[Source ""]
[Remark ""]

1.d4 g6 2.Nf3 Bg7 3.c3 d5 4.Bf4 c6 5.Nbd2 Nf6 6.h3 O-O 7.e3 Bf5
8.Qb3 Qb6 9.Be2 Nbd7 10.O-O Ne4 11.Nxe4 Qxb3 12.axb3 Bxe4 13.Nd2
Bf5 14.g4 Be6 15.b4 a6 16.Nb3 f6 17.Na5 Ra7 18.f3 Bf7 19.e4 Rc8
20.exd5 cxd5 21.Be3 Bf8 22.f4 e6 23.f5 exf5 24.gxf5 Re8 25.Kf2
Bd6 26.Bd3 g5 27.Rfe1 Nb6 28.Bd2 Kf8 29.Rxe8+ Kxe8 30.b5 axb5
31.Bxb5+ Kd8 32.Nc6+ bxc6 33.Rxa7 Be8 34.Bd3 h5 35.b3 Bd7 36.c4
Bb8 37.Rb7 Bc7 38.Ba5 1-0

[Event "SV Stuttgart-Wolfbusch 1 - TG Biberach 1"]
[Site "Oberliga Württemberg 2017/2018"]
[Date "2018.02.18"]
[Round "7"]
[White "Severin, Andreas"]
[Black "Namyslo, Holger"]
[Result "0-1"]
[WhiteElo "2007"]
[BlackElo "2167"]
[Annotator ""]
[Source ""]
[Remark ""]

1.e3 d5 2.f4 g6 3.Nf3 Bg7 4.Be2 Nf6 5.O-O Bg4 6.h3 Bxf3 7.Bxf3
O-O 8.d3 Nbd7 9.Nc3 c6 10.Qe1 e5 11.e4 dxe4 12.Bxe4 exf4 13.Qh4
Nxe4 14.Qxd8 Raxd8 15.Nxe4 f5 16.Ng5 Rfe8 17.Bxf4 Re2 18.Rae1
Rde8 19.Nf3 Rxe1 20.Rxe1 Rxe1+ 21.Nxe1 Bxb2 22.Nf3 Nf8 23.Kf2
Ne6 24.Be3 a6 25.Ke2 Kf7 26.Nd2 b5 27.Nb3 Bc3 28.d4 Ke7 29.Kd3
Be1 30.c4 Kd6 31.Bc1 Bf2 32.Ba3+ Kd7 33.Bc1 Bg3 34.d5 cxd5 35.cxd5
Nf4+ 36.Bxf4 Bxf4 37.Nc5+ Kd6 38.Nxa6 Kxd5 39.Nb4+ Kc5 40.Na6+
Kb6 41.Nb4 Ka5 42.Nd5 Be5 43.Ne7 Ka4 44.Kc2 f4 45.Nd5 {(=)} g5
46.Ne7 h5 47.Nc6 Bf6 48.Nb8 g4 49.hxg4 hxg4 50.Nd7 f3 51.gxf3
g3 0-1

[Event "SC Weiler im Allgäu 1 - SG Schwäbisch Gmünd 1"]
[Site "Oberliga Württemberg 2017/2018"]
[Date "2018.02.18"]
[Round "7"]
[White "Velicka, Petr"]
[Black "Henrichs, Thomas"]
[Result "1/2-1/2"]
[WhiteElo "2393"]
[BlackElo "2467"]
[Annotator ""]
[Source ""]
[Remark ""]

1.e4 e5 2.Nf3 Nc6 3.Bb5 a6 4.Ba4 Nf6 5.O-O Be7 6.d3 b5 7.Bb3
d6 8.c3 O-O 9.Re1 Na5 10.Bc2 c5 11.Nbd2 Nc6 12.Nf1 Re8 13.Ng3
h6 14.h3 Be6 15.d4 cxd4 16.cxd4 exd4 17.Nxd4 Nxd4 18.Qxd4 Rc8
19.Bb3 d5 20.e5 Nd7 21.Be3 Bc5 22.Qd1 d4 23.Bxd4 Bxd4 24.Qxd4
Bxb3 25.axb3 Nxe5 26.Qxd8 Rcxd8 27.Re4 Nd3 28.Rxa6 Rxe4 29.Nxe4
Rd4 30.Rd6 Rxe4 31.Rxd3 Re1+ 32.Kh2 Re2 33.Rd5 1/2-1/2

[Event "SC Weiler im Allgäu 1 - SG Schwäbisch Gmünd 1"]
[Site "Oberliga Württemberg 2017/2018"]
[Date "2018.02.18"]
[Round "7"]
[White "Balacek, Tadeas"]
[Black "Jurek, Josef"]
[Result "1/2-1/2"]
[WhiteElo "2291"]
[BlackElo "2260"]
[Annotator ""]
[Source ""]
[Remark ""]

1.d4 Nf6 2.c4 e6 3.g3 d5 4.Bg2 Be7 5.Nf3 O-O 6.O-O dxc4 7.Na3
Bxa3 8.bxa3 Bd7 9.Ne5 Bc6 10.Nxc6 Nxc6 11.Bb2 Qd7 12.e3 b5 13.Qc2
Rab8 14.Rad1 Ne7 1/2-1/2

[Event "SC Weiler im Allgäu 1 - SG Schwäbisch Gmünd 1"]
[Site "Oberliga Württemberg 2017/2018"]
[Date "2018.02.18"]
[Round "7"]
[White "Havlikova, Kristyna"]
[Black "Hasenohr, Benedict"]
[Result "1-0"]
[WhiteElo "2262"]
[BlackElo "2332"]
[Annotator ""]
[Source ""]
[Remark ""]

1.Nf3 d5 2.g3 Nf6 3.Bg2 Bf5 4.O-O e6 5.c4 c6 6.cxd5 exd5 7.d3
Bc5 8.Qc2 Nbd7 9.Nc3 O-O 10.e4 dxe4 11.dxe4 Bg6 12.Nh4 Bh5 13.Na4
Be7 14.Nf5 Re8 15.Nxe7+ Qxe7 16.f3 b5 17.Nc3 Rac8 18.Ne2 c5 19.Nf4
c4 20.Be3 Nc5 21.Bd4 Bg6 22.Rad1 Red8 23.Bh3 Rc6 24.Bxc5 Qxc5+
25.Qf2 Qxf2+ 26.Kxf2 Rcd6 27.Ke2 a5 28.Rxd6 Rxd6 29.e5 Bd3+ 30.Nxd3
cxd3+ 31.Kd2 Rc6 32.exf6 Rc2+ 33.Kxd3 Rxh2 34.Bd7 Rxb2 35.Rc1
gxf6 36.Rc2 Rb1 37.Ke4 Kg7 38.Bf5 b4 39.Rh2 h6 40.Kd4 Rf1 41.Ke3
Re1+ 42.Kf4 Rc1 43.Rd2 Rc4+ 44.Be4 Rc7 45.Rd5 Ra7 46.Rb5 Kf8
47.Rb7 Ra6 48.Bd5 Rd6 49.Bb3 Ke8 50.Bxf7+ 1-0

[Event "SC Weiler im Allgäu 1 - SG Schwäbisch Gmünd 1"]
[Site "Oberliga Württemberg 2017/2018"]
[Date "2018.02.18"]
[Round "7"]
[White "Wunder, Niklas"]
[Black "Weiss, Andreas"]
[Result "1/2-1/2"]
[WhiteElo "2095"]
[BlackElo "2142"]
[Annotator ""]
[Source ""]
[Remark ""]

1.d4 Nf6 2.c4 e6 3.g3 Bb4+ 4.Bd2 Qe7 5.Nf3 Ne4 6.Bg2 O-O 7.O-O
Nxd2 8.Nbxd2 Bxd2 9.Qxd2 d6 10.Qc3 Nd7 11.Rac1 Nf6 12.Nd2 c5
13.Rfd1 Rb8 14.dxc5 dxc5 15.Nf3 b6 16.Ne5 Bb7 17.Rd3 Bxg2 18.Kxg2
Qc7 19.f3 Rfd8 20.Rcd1 1/2-1/2

[Event "SC Weiler im Allgäu 1 - SG Schwäbisch Gmünd 1"]
[Site "Oberliga Württemberg 2017/2018"]
[Date "2018.02.18"]
[Round "7"]
[White "Denisow, Jewgeny"]
[Black "Srba, Milan"]
[Result "1/2-1/2"]
[WhiteElo "2146"]
[BlackElo "2157"]
[Annotator ""]
[Source ""]
[Remark ""]

1.e4 e6 2.e5 d6 3.exd6 Bxd6 4.d4 Nd7 5.Nf3 h6 6.g3 b6 7.Bg2 Bb7
8.O-O Ngf6 9.b3 a5 10.c4 O-O 11.Nc3 Re8 12.Nb5 a4 13.Nxd6 cxd6
14.Bb2 Qc7 15.Rc1 Be4 16.Nd2 Bxg2 17.Kxg2 b5 18.Qf3 b4 19.Rc2
Ra5 20.Kg1 a3 21.Bc1 e5 22.Ne4 exd4 23.Nxf6+ Nxf6 24.Bd2 Qc5
25.Bxh6 Qh5 26.Qxh5 Rxh5 27.Bf4 Ne4 28.Re1 Re6 29.Rce2 Nc3 30.Rxe6
fxe6 31.Bxd6 d3 32.Bxb4 d2 33.Bxc3 dxe1Q+ 34.Bxe1 Kf7 35.Bb4
Rh8 36.Bxa3 Ra8 37.Bd6 Rxa2 38.b4 Ke8 39.b5 Kd7 40.Be5 g6 41.c5
Ra5 42.b6 Kc6 43.Bd6 e5 44.Bxe5 Rxc5 45.Bc7 Rb5 46.Kg2 Kd5 47.Kf3
Rb4 48.Ke3 g5 49.Kd3 g4 50.Ke3 Re4+ 51.Kd3 Rb4 52.Kc3 Rb1 53.Kc2
Rb5 54.Bd8 Rb4 55.Kd2 Kd4 56.Bg5 Rb3 57.Kc2 Rb5 58.Be3+ Kc4 59.Kd2
Rb2+ 60.Ke1 Rb1+ 61.Ke2 Kc3 62.f4 Rb2+ 63.Kf1 Kd3 64.Bf2 Ke4
65.Kg2 Ra2 66.b7 Rb2 67.h3 1/2-1/2

[Event "SC Weiler im Allgäu 1 - SG Schwäbisch Gmünd 1"]
[Site "Oberliga Württemberg 2017/2018"]
[Date "2018.02.18"]
[Round "7"]
[White "Wunder, Fabian"]
[Black "Hönick, Andreas"]
[Result "1-0"]
[WhiteElo "2038"]
[BlackElo "2086"]
[Annotator ""]
[Source ""]
[Remark ""]

1.d4 d5 2.c4 e6 3.Nf3 Nf6 4.g3 dxc4 5.Bg2 a6 6.O-O Nc6 7.a4 Rb8
8.a5 b5 9.axb6 cxb6 10.Bf4 Bd6 11.Ne5 Ne7 12.Nxc4 Bxf4 13.gxf4
O-O 14.e3 Nf5 15.Ne5 Nh4 16.Nc6 Qd6 17.Nxb8 Nxg2 18.Kxg2 Bb7+
19.f3 Rxb8 20.Nc3 g5 21.e4 Qxf4 22.Qc1 Qh4 23.Qe1 Qf4 24.Qg3
Nh5 25.Qxf4 Nxf4+ 26.Kg3 Kg7 27.Rfd1 b5 28.Kf2 Rc8 29.Rac1 Rd8
30.Ne2 Nxe2 31.Kxe2 Rd7 32.Ke3 f5 33.Rc5 Kf6 34.Rdc1 h5 35.Rc7
Ke7 36.R1c5 g4 37.fxg4 Bxe4 38.Rxd7+ Kxd7 39.gxh5 Ke7 40.Kf4 1-0

[Event "SC Weiler im Allgäu 1 - SG Schwäbisch Gmünd 1"]
[Site "Oberliga Württemberg 2017/2018"]
[Date "2018.02.18"]
[Round "7"]
[White "Kasüschke, Lars"]
[Black "Hosticka, Frantisek"]
[Result "1/2-1/2"]
[WhiteElo "1994"]
[BlackElo "2088"]
[Annotator ""]
[Source ""]
[Remark ""]

1.b3 Nf6 2.Bb2 e6 3.Nf3 c5 4.e3 Be7 5.d4 b6 6.Bd3 Nc6 7.O-O Bb7
8.Nbd2 O-O 9.c3 cxd4 10.cxd4 Nb4 11.Be2 Ba6 12.Bxa6 Nxa6 13.a3
Rc8 14.Qe2 Nb8 15.Rac1 d5 16.Ne5 Nfd7 17.Ndf3 Nxe5 18.Nxe5 Qd6
19.Rc2 f6 20.Nd3 Qd7 21.Rfc1 Rxc2 22.Qxc2 Bd6 23.a4 Qb7 24.b4
Rf7 25.Qc8+ Qxc8 26.Rxc8+ Rf8 27.Rc2 Kf7 28.b5 Ke7 29.Kf1 Kd7
30.h3 Rc8 31.Rxc8 Kxc8 32.Ke2 Nd7 33.Bc3 Kc7 34.Bb4 Bxb4 35.Nxb4
Kd6 36.Kd3 1/2-1/2

[Event "SC Weiler im Allgäu 1 - SG Schwäbisch Gmünd 1"]
[Site "Oberliga Württemberg 2017/2018"]
[Date "2018.02.18"]
[Round "7"]
[White "Mira, Helene"]
[Black "Reichert, Matthias"]
[Result "1-0"]
[WhiteElo "2018"]
[BlackElo "1924"]
[Annotator ""]
[Source ""]
[Remark ""]

1.Nf3 Nf6 2.c4 g6 3.Nc3 Bg7 4.e4 d6 5.d4 O-O 6.Be2 e5 7.O-O exd4
8.Nxd4 Re8 9.f3 c6 10.Nc2 Na6 11.Rb1 Nc7 12.Bf4 d5 13.cxd5 cxd5
14.Nb4 d4 15.Bxc7 Qxc7 16.Ncd5 Qd6 17.Nxf6+ Bxf6 18.Nd5 Bd8 19.Qa4
Re5 20.Rfd1 Be6 21.Nf4 Bd7 22.Qb3 Rg5 23.Nd3 Bc7 24.f4 Bh3 25.Bf3
Be6 26.Qc2 Ra5 27.a3 Rc8 28.e5 Qb6 29.Qe2 Bb3 30.Rdc1 Re8 31.Qd2
Rb5 32.Bd1 f6 33.exf6 Re3 34.Bxb3+ Rxb3 35.Nc5 Qxf6 36.Nxb3 1-0

[Event "SV Jedesheim 1 - SK Schmiden/Cannstatt "]
[Site "Oberliga Württemberg 2017/201"]
[Date "2018.02.18"]
[Round "7.1"]
[White "Holzhäuer, Mathias"]
[Black "Pikula, Dejan"]
[Result "1/2-1/2"]
[WhiteElo "2222"]
[BlackElo "2472"]
[Annotator ""]
[Source ""]
[Remark ""]

1.e4 c6 2.d4 d5 3.exd5 cxd5 4.Bd3 Nc6 5.c3 Nf6 6.Bf4 Bg4 7.Qb3
Qc8 8.Nd2 e6 9.Ngf3 Be7 10.O-O Bh5 11.Ne5 Bg6 12.Bxg6 hxg6 13.Rae1
O-O 14.Qd1 b5 15.Re3 Nxe5 16.Bxe5 a5 17.h4 b4 18.Rh3 bxc3 19.bxc3
Nh7 20.Qg4 Ra6 21.Re1 Rc6 22.Ree3 a4 23.Bf4 a3 24.Bg5 f5 25.Qf4
Bd6 26.Qf3 Nxg5 27.hxg5 Qd7 28.Re1 Rfc8 29.Rb1 Rb8 30.Rxb8+ Bxb8
31.Rh1 Qc8 32.Rh3 Qc7 33.Qe2 Kf7 34.Qd3 Qb7 35.Nb3 Bd6 36.Na5
Qb6 37.Nxc6 Qxc6 38.Re3 Bf8 {Letzte Züge ohne Gewähr, Korrektur vorbehalten}
 1/2-1/2

[Event "SV Jedesheim 1 - SK Schmiden/Cannstatt "]
[Site "Oberliga Württemberg 2017/201"]
[Date "2018.02.18"]
[Round "7.2"]
[White "Krassowizkij, Jaroslaw"]
[Black "Kabisch, Thilo"]
[Result "1/2-1/2"]
[WhiteElo "2451"]
[BlackElo "2285"]
[Annotator ""]
[Source ""]
[Remark ""]

1.d4 Nf6 2.c4 g6 3.Nc3 Bg7 4.e4 d6 5.Be2 O-O 6.Nf3 e5 7.Be3 Bg4
8.d5 Na6 9.Nd2 Bxe2 10.Qxe2 Nh5 11.O-O-O Nf4 12.Qf1 c5 13.dxc6
bxc6 14.Nb3 Qe7 15.h4 Rab8 16.g3 Ne6 17.h5 Rb7 18.hxg6 fxg6 19.Qd3
Rd8 20.c5 Naxc5 21.Nxc5 dxc5 22.Qc4 Rdb8 23.Bxc5 Qf7 24.Bd6 Rd8
25.f4 exf4 26.e5 fxg3 27.Rhf1 Bh6+ 28.Kc2 Nf4 29.Rxf4 Bxf4 30.e6
Qf5+ 31.Ne4 Re8 32.e7+ Kg7 33.Qd4+ Kf7 34.Qc4+ Kg7 35.Qd4+ Kf7
36.Qc4+ Kg7 37.Qd4+ Kf7 1/2-1/2

[Event "SV Jedesheim 1 - SK Schmiden/Cannstatt "]
[Site "Oberliga Württemberg 2017/201"]
[Date "2018.02.18"]
[Round "7.3"]
[White "Niklasch, Oliver"]
[Black "Kessler, Luca"]
[Result "0-1"]
[WhiteElo "2238"]
[BlackElo "2387"]
[Annotator ""]
[Source ""]
[Remark ""]

1.Nf3 Nf6 2.c4 g6 3.g3 Bg7 4.Bg2 O-O 5.O-O d6 6.Nc3 Nc6 7.d3
e5 8.Bg5 h6 9.Bxf6 Bxf6 10.Rb1 a5 11.a3 Bg7 12.Nd2 f5 13.Nd5
g5 14.b4 axb4 15.axb4 g4 16.e3 h5 17.b5 Ne7 18.Qb3 Kh8 19.Rfc1
{(=)} f4 20.Ne4 Bh6 21.exf4 Nxd5 22.cxd5 exf4 23.Rc4 b6 24.Rbc1
fxg3 25.hxg3 Ra7 26.Qc3+ Bg7 27.Qc2 Rf7 28.Qd2 Rf5 29.Qc2 Rf6
30.Qd2 Rf5 31.Qc2 Rxd5 32.Rxc7 Rxc7 33.Qxc7 Qxc7 34.Rxc7 Bf5
35.Rb7 Rxb5 36.Nxd6 Rb1+ 37.Kh2 Bxd3 38.Be4 Bxe4 39.Nxe4 b5 40.Nd6
b4 41.Rb5 b3 42.Rxh5+ Kg8 43.Rb5 b2 44.Nc4 Rf1 45.Nxb2 Rxf2+
46.Kg1 Rxb2 47.Rg5 Rb4 0-1

[Event "SV Jedesheim 1 - SK Schmiden/Cannstatt "]
[Site "Oberliga Württemberg 2017/201"]
[Date "2018.02.18"]
[Round "7.4"]
[White "Matt, Fabian"]
[Black "Krockenberger, Martin"]
[Result "1-0"]
[WhiteElo "2257"]
[BlackElo "2219"]
[Annotator ""]
[Source ""]
[Remark ""]

1.d4 Nf6 2.Bf4 g6 3.e3 Bg7 4.Nf3 d6 5.Be2 O-O 6.O-O c5 7.c4 Nc6
8.Nc3 Bg4 9.dxc5 dxc5 10.Qb3 Qb6 11.Qxb6 axb6 12.Rfd1 h6 13.h3
Be6 14.Ne5 Nxe5 15.Bxe5 Ne8 16.Bxg7 Kxg7 17.b3 Nd6 18.Bf3 Ra5
19.a4 Ra7 20.Bd5 Bd7 21.e4 Bc6 22.g4 f6 23.Re1 Nf7 24.Bxf7 Kxf7
25.Rad1 Raa8 26.Nd5 Bxd5 27.exd5 Rfd8 28.Re6 Rd6 29.Rde1 Re8
30.f4 Kf8 31.Kf2 Kf7 32.Kf3 Kf8 33.Kg3 Kf7 34.R1e3 Kf8 35.f5
g5 36.Kf3 Kf7 37.Re2 Kf8 38.Rxd6 exd6 39.Re6 Rxe6 40.fxe6 Kg7
41.Ke4 f5+ 42.gxf5 Kf6 43.h4 g4 44.h5 1-0

[Event "SV Jedesheim 1 - SK Schmiden/Cannstatt "]
[Site "Oberliga Württemberg 2017/201"]
[Date "2018.02.18"]
[Round "7.5"]
[White "Eisele, Steffen"]
[Black "Anistratov, Dmitriy"]
[Result "0-1"]
[WhiteElo "2252"]
[BlackElo "2233"]
[Annotator ""]
[Source ""]
[Remark ""]

1.e4 d6 2.d4 Nf6 3.Nc3 e5 4.Nf3 Nbd7 5.Bc4 Be7 6.O-O O-O 7.Re1
c6 8.a4 a5 9.Bg5 exd4 10.Qxd4 h6 11.Bf4 Ne8 12.Rad1 Qb6 13.Qd2
Qb4 14.Ba2 Kh7 15.e5 dxe5 16.Qd3+ g6 17.Nxe5 Nxe5 18.Bxe5 Bf5
19.Qe2 Bf6 20.Bxf6 Nxf6 21.Qe7 Ng8 22.Qxb4 axb4 23.Ne4 b5 24.Rd4
Rxa4 25.Bb3 Ra7 26.Nd6 c5 27.Rf4 c4 28.Nxb5 cxb3 29.Nxa7 bxc2
30.g4 Rd8 31.gxf5 Rd1 32.fxg6+ Kxg6 33.Rfe4 c1Q 0-1

[Event "SV Jedesheim 1 - SK Schmiden/Cannstatt "]
[Site "Oberliga Württemberg 2017/201"]
[Date "2018.02.18"]
[Round "7.6"]
[White "Trussevich, Sergey"]
[Black "Thoma, Christian"]
[Result "1/2-1/2"]
[WhiteElo "2244"]
[BlackElo "2177"]
[Annotator ""]
[Source ""]
[Remark ""]

1.Nf3 Nf6 2.c4 b6 3.Nc3 Bb7 4.g3 e6 5.Bg2 Be7 6.d4 Ne4 7.Qb3
O-O 8.O-O Nxc3 9.Qxc3 d6 10.Rd1 c5 11.d5 exd5 12.cxd5 Nd7 13.Qc2
Re8 14.e4 Bf6 15.Bf4 Qe7 16.Re1 b5 17.a4 b4 18.Rab1 Rac8 19.Nd2
Ba6 20.Bf1 Bxf1 21.Kxf1 g5 22.Be3 Ne5 23.b3 g4 24.Bf4 Ng6 25.Nc4
Rcd8 26.Kg2 Be5 27.Bxe5 Nxe5 28.Nxe5 Qxe5 29.Re3 Re7 30.Qe2 Qh5
31.Kg1 Rde8 32.h4 Qg6 33.Re1 Re5 34.Qb5 R5e7 35.R1e2 Kg7 36.Kf1
Kh6 37.Qd3 Kg7 38.Re1 h6 39.Kg2 Rc7 40.Qc4 Ree7 41.Qd3 Qh7 42.R1e2
Qg8 43.Re1 Qc8 44.R1e2 1/2-1/2

[Event "SV Jedesheim 1 - SK Schmiden/Cannstatt "]
[Site "Oberliga Württemberg 2017/201"]
[Date "2018.02.18"]
[Round "7.7"]
[White "Löhr, Markus"]
[Black "Beletic, Daniel"]
[Result "0-1"]
[WhiteElo "2160"]
[BlackElo "2313"]
[Annotator ""]
[Source ""]
[Remark ""]

1.d4 d6 2.Nf3 g6 3.c4 Bg7 4.e4 Bg4 5.Be2 Nc6 6.Be3 e5 7.d5 Bxf3
8.Bxf3 Nd4 9.Nc3 c5 10.dxc6 bxc6 11.b4 Ne7 12.O-O O-O 13.Rb1
Qd7 14.Be2 f5 15.Qd3 f4 16.Bd2 f3 17.gxf3 Qh3 18.Be3 Rxf3 19.Qd2
Raf8 20.b5 R8f4 21.Bxf4 exf4 22.Nd1 Rd3 23.Qxd3 Nxe2+ 24.Qxe2
f3 25.Qxf3 Qxf3 26.Ne3 Bd4 27.Rb3 Qxe4 28.bxc6 Qxc6 29.Rd1 Bxe3
30.Rxe3 Nf5 0-1

[Event "SV Jedesheim 1 - SK Schmiden/Cannstatt "]
[Site "Oberliga Württemberg 2017/201"]
[Date "2018.02.18"]
[Round "7.8"]
[White "Engelhart, Achim"]
[Black "Scheeff, Volker"]
[Result "1-0"]
[WhiteElo "2076"]
[BlackElo "2140"]
[Annotator ""]
[Source ""]
[Remark ""]

1.e4 e6 2.d4 d5 3.Nd2 Be7 4.Bd3 c5 5.dxc5 Nf6 6.Qe2 O-O 7.Ngf3
a5 8.O-O Na6 9.e5 Nd7 10.c3 Naxc5 11.Bb5 b6 12.Nd4 Nb8 13.Re1
Ba6 14.Bxa6 Ncxa6 15.Nf1 Qc7 16.Qg4 Kh8 17.Bg5 Nc5 18.Bxe7 Qxe7
19.Re3 Rc8 20.Rae1 Nbd7 21.Ng3 Nf8 22.Nh5 Ng6 23.Rh3 Nd7 24.f4
Rc4 25.Qg3 Ndf8 26.Kh1 Qd7 27.Qf2 b5 28.Rf3 Re8 29.a3 b4 30.cxb4
axb4 31.b3 Rc3 32.axb4 Rxf3 33.Qxf3 Qe7 34.b5 Qb4 35.Rd1 Rc8
36.h3 Nd7 37.Qe2 Rc3 38.f5 Ngxe5 39.fxe6 fxe6 40.Nxe6 Qxb3 41.Nexg7
Re3 42.Qf1 Nd3 43.Ra1 1-0

[Event "SC Weiße Dame Ulm 1 - SK Bebenhausen 1"]
[Site "Oberliga Württemberg 2017/2018"]
[Date "2018.02.18"]
[Round "7"]
[White "Braun, Georg"]
[Black "Jochens, Arne"]
[Result "1/2-1/2"]
[WhiteElo "2297"]
[BlackElo "2233"]
[Annotator ""]
[Source ""]
[Remark ""]

1.e4 e6 2.d4 d5 3.Nc3 Nf6 4.Bg5 dxe4 5.Nxe4 Be7 6.Bxf6 gxf6 7.Nf3
a6 8.g3 b6 9.Bg2 Bb7 10.Nc3 f5 11.d5 Bf6 12.dxe6 Qxd1+ 13.Rxd1
fxe6 14.O-O Bxc3 15.bxc3 Nd7 16.Rfe1 Nc5 17.Ne5 Bxg2 18.Kxg2
Rg8 19.Nd3 Nxd3 {(=)} 20.cxd3 Kf7 21.Re5 Rad8 22.d4 Rd6 23.Rde1
Rgd8 24.R1e3 Rc6 25.Kf3 Kf6 26.Ke2 Rd5 27.Kd3 Rxe5 28.Rxe5 Rd6
29.h3 h5 30.f3 Rd7 31.Ke3 c5 32.g4 hxg4 33.hxg4 cxd4+ 34.cxd4
Rc7 35.gxf5 exf5 36.Kf4 Rc2 37.Rxf5+ Ke6 38.a3 Rc3 39.Re5+ Kd6
40.Re3 Rc8 41.Ke4 Re8+ 42.Kd3 Rf8 43.a4 Rf4 44.Kc4 b5+ 45.axb5
axb5+ 46.Kd3 Rf8 47.Ke4 Re8+ 48.Kd3 Rf8 49.Ke4 1/2-1/2